000 00447nam a22001577a 4500
003 OSt
005 20230503115536.0
008 171212b xxu||||| |||| 00| 0 ara d
040 _aLB-BrCRDP
082 _a304.6 S949m
100 _aصلاح محمد أحمد سليمان
245 _aمفاهيم أساسية في علم السكان
260 _aمصر
_bسرس الليان منوفية
_c1973
300 _aص101
_cسم24
942 _2ddc
_cBK
999 _c18255
_d18255